Optimize contract law (Record no. 77448)

MARC details
000 -LEADER
fixed length control field 00813nam a22002777a 4500
003 - CONTROL NUMBER IDENTIFIER
control field CBULib
005 - DATE AND TIME OF LATEST TRANSACTION
control field 20230815090325.0
008 - FIXED-LENGTH DATA ELEMENTS--GENERAL INFORMATION
fixed length control field 230510b |||||||| |||| 00| 0 eng d
020 ## - INTERNATIONAL STANDARD BOOK NUMBER
International Standard Book Number 9781138230262
040 ## - CATALOGING SOURCE
Original cataloging agency CBULib
Transcribing agency CBULib
Language of cataloging English
Description conventions rda
041 ## - LANGUAGE CODE
Language code of text/sound track or separate title eng
050 ## - LIBRARY OF CONGRESS CALL NUMBER
Classification number KD 130 Hou
100 1# - MAIN ENTRY--PERSONAL NAME
Personal name Hough, Tracey
9 (RLIN) 520
245 ## - TITLE STATEMENT
Title Optimize contract law
Statement of responsibility, etc / by Tracey Hough and Kathrin Kühnel-Fitchen
250 ## - EDITION STATEMENT
Edition statement Second edition
260 ## - PUBLICATION, DISTRIBUTION, ETC. (IMPRINT)
Name of publisher, distributor, etc Routledge,
Date of publication, distribution, etc 2017
Place of publication, distribution, etc London :
300 ## - PHYSICAL DESCRIPTION
Extent xxii, 232 pages : illustrations
336 ## - CONTENT TYPE
Source rdacontent
Content type term Text |
Content type code txt
337 ## - MEDIA TYPE
Source rdamedia
Media type term Unmediated |
Media type code n
338 ## - CARRIER TYPE
Source rdacarrier
Carrier type term Volume
Carrier type code nc
490 ## - SERIES STATEMENT
Series statement Optimize law revision
504 ## - BIBLIOGRAPHY, ETC. NOTE
Bibliography, etc Includes index.
650 #0 - SUBJECT ADDED ENTRY--TOPICAL TERM
Topical term or geographic name as entry element CONTRACTS
9 (RLIN) 519
700 ## - ADDED ENTRY--PERSONAL NAME
Personal name Kühnel-Fitchen, Kathrin
942 ## - ADDED ENTRY ELEMENTS (KOHA)
Koha item type MONOGRAPH
Source of classification or shelving scheme
Holdings
Withdrawn status Lost status Source of classification or shelving scheme Damaged status Not for loan Collection code Permanent Location Current Location Shelving location Date acquired Source of acquisition Total Checkouts Full call number Barcode Date last seen Date checked out Copy number Cost, replacement price Price effective from Koha item type
          Main Library Open Access Collection CBU-MAIN LIBRARY, KITWE. CBU-MAIN LIBRARY, KITWE. General Stacks 04/27/2023 Don-Book Aid 8 KD 130 Hou 751953 04/25/2025 04/11/2025 1 46.81 04/27/2023 MONOGRAPH